| 000 | 01329cam a2200373Ka 4500 | ||
|---|---|---|---|
| 001 | 42290 | ||
| 005 | 20230410120915.0 | ||
| 008 | 980415t19971995enk b 001 0 eng d | ||
| 035 | _a(OCoLC)ocm38955748 | ||
| 040 |
_aLPU _cLPU _dZHM _dBAKER _dCGU _dYDXCP |
||
| 020 | _a0198293569 (pbk.) | ||
| 020 | _a9780198293569 (pbk.) | ||
| 029 | 1 |
_aNLGGC _b201687739 |
|
| 029 | 1 |
_aYDXCP _b100094917 |
|
| 029 | 1 |
_aNZ1 _b5565531 |
|
| 035 | _a(OCoLC)38955748 | ||
| 050 | 1 | 4 |
_aJC 311 _bM647o 1997 |
| 100 | 1 |
_aMiller, David, _d1946- |
|
| 245 | 1 | 0 |
_aOn nationality / _cDavid Miller. |
| 260 |
_aOxford : _bClarendon Press ; _aOxford : _aNew York : _bOxford University Press, _c1997. |
||
| 300 |
_aviii, 210 p. ; _c23 cm. |
||
| 440 | 0 | _aOxford political theory | |
| 504 | _aIncludes bibliographical references (p. [197]-205) and index. | ||
| 530 | _aAlso available on the Internet to subscribing institutions. | ||
| 650 | 0 | _aNationalities, Principle of. | |
| 650 | 0 | _aSelf-determination, National. | |
| 650 | 0 | _aNationalism. | |
| 856 | 4 | 1 | _uhttp://www.oxfordscholarship.com/oso/public/content/politicalscience/0198293569/toc.html |
| 938 |
_aYBP Library Services _bYANK _n100094917 |
||
| 938 |
_aBaker & Taylor _bBKTY _c37.95 _d37.95 _i0198293569 _n0003057262 _sactive |
||
| 942 |
_2lcc _cbk |
||
| 994 |
_aC0 _bDRFGD |
||
| 946 | _aYSepulveda | ||
| 999 |
_c54181 _d54181 |
||